• 首页
  • 本馆介绍
  • 公告通知
  • 最新文献
  • 馆藏检索
  • 电子资源
  • 读者导购
  • 参考咨询
  • 我的图书馆
  • 登录
  • 详细信息显示
  • 放入我的书架
  • 预约/预借图书
  • 作者相关作品
  • 分类相关作品
  • 丛书相关作品
  • 出版社相关作品

书目信息

  • 表格格式
  • 工作单格式
  • 卡片格式
题名:
时新素菜谱
    
 
作者: 张家伟 , 颜德生 , 吕云媛 编著
分册:  
出版信息: 合肥   安徽科学技术出版社  2004
页数: 260页
开本: 21cm
丛书名:
单 册:
中图分类: TS972.123
科图分类:
主题词: 素菜 , 菜谱 , 素菜--菜谱
电子资源:
ISBN: 7-5337-2818-1
000 00920nam0 2200265 45
001 060000017190
005 20050906093826.17
010    @a7-5337-2818-1@dCNY10.00
100    @a20041224d2004 ekmy0chiy0120 ea
101 0  @achi
102    @aCN@b340000
105    @ay z 000yy
200 1  @a时新素菜谱@Ashi xin su cai pu@f张家伟,颜德生,吕云媛编著@Fzhang jia wei,yan de sheng,lu yun yuan bian zhu
210    @a合肥@c安徽科学技术出版社@d2004
215    @a260页@d21cm
330    @a本书分三篇,共介绍时新素菜谱300余款:上篇介绍“蔬菜菜谱”100款;中篇介绍“豆制品菜谱”100款;下篇介绍“食用菌菜谱”118款,均以江、浙、沪、皖烹饪方法为主导。
606 0  @a素菜
606 0  @a菜谱
606 0  @a素菜@x菜谱
690    @aTS972.123@v4
701  0 @a张家伟@Azhang jia wei@4编著
701  0 @a颜德生@Ayan de sheng@4编著
701  0 @a吕云媛@Alu yun yuan@4编著
801  0 @aCN@bTSSF@c20050906
905    @a10447@dTS972.123@e115
    
    时新素菜谱/张家伟,颜德生,吕云媛编著.-合肥:安徽科学技术出版社,2004
    260页;21cm
    
    
    ISBN 7-5337-2818-1:CNY10.00
    本书分三篇,共介绍时新素菜谱300余款:上篇介绍“蔬菜菜谱”100款;中篇介绍“豆制品菜谱”100款;下篇介绍“食用菌菜谱”118款,均以江、浙、沪、皖烹饪方法为主导。
●
相关链接 在E读中查询图书 在五车中查询图书 在当当中查询图书 在豆瓣中查询图书


正题名:时新素菜谱     索取号:TS972.123/115         预约/预借

序号 登录号 条形码 馆藏地/架位号 状态 备注
1 0359588   3595880   第二样本阅览室/ [索取号:TS972.123/115] 在馆    
2 0359589   3595899   第三借阅区/ [索取号:TS972.123/115] 在馆    
3 0359590   3595906   第三借阅区/ [索取号:TS972.123/115] 在馆    
4 0359591   3595915   第三借阅区/ [索取号:TS972.123/115] 在馆    
5 0359592   3595924   第三借阅区/ [索取号:TS972.123/115] 在馆    
唐山师范学院图书馆 欢迎您!
大连网信软件有限公司© 版权所有